| 000 | 00697aas a2200217 4500 | ||
|---|---|---|---|
| 999 |
_c2015 _d2015 |
||
| 003 | BR-BrBNA | ||
| 005 | 20230317233356.0 | ||
| 007 | ta | ||
| 008 | 230119b bl ||||| |||| 00| 0 por d | ||
| 035 | _a000485-5 | ||
| 040 |
_aBR-BrBNA _bPor _cBR-BrBNA |
||
| 042 | _aN | ||
| 044 | _abl | ||
| 245 | _aBoletim Estatístico do Açúcar (Brazil) | ||
| 260 |
_aRio de Janeiro-RJ _bInstituto do Açúcar e do Álcool _c1965. Data final de publicação em 1984 _eBRJ |
||
| 270 | _aAv. Presidente Vargas - 417 A - 7º andar - Ed. Central | ||
| 310 | _amensal | ||
| 505 | _a1969 (jul); 1970-80(jan-dez); 1981 (jun,dez); 1982 (jun); 1983 (jun-dez); 1984 (jan-mar); | ||
| 909 |
_a56 _bSergio Santos _c56 _dSergio Santos |
||
| 942 |
_cCR _2AGRIS |
||